000 00928nam0a22002771 4500
001 rc\3321508
005 20250609212159.0
021 _aRU
_b[74-17176]
035 _a(NLR Aleph) 007509023
090 _a7689810
_c7689810
100 _a20130115d1974 |||y0rusy50 ca
101 0 _arus
102 _aRU
105 _aa z |||||
200 1 _aШум и Шумок
_eСказки
_fРис. Б. Чупрагина
210 _aМосква
_cДет. лит.
_d1974
215 _a32 с.
_cил.
_d23
225 1 _aШкольная библиотека
_i[Для начальной школы
_iЧитаем сами]
608 _aСказки русские, советские (д. л.)
_2psbo
700 1 _aИльина
_bЕ.Я.
_f1901-1964
_gЕлена Яковлевна
702 1 _aЧупрагин
_bБ.
_4440
801 0 _aRU
_bNLR
_gpsbo
801 1 _aRU
_bELAR
_2rusmarc
852 _aNLR
_j73-7/1814
942 _cBOOK
980 _aNB